¿Por qué Iglesia? : concepto y derechos de la Iglesia católica /
La colección Ideas Claras de Ediciones Paulinas busca constestar, a través de autores con una fuerte actividad espiritual y al mismo tiempo especialistas en la materia en cuestión, a preguntas que inquietan a la sociedad contemporánea y ofrecer así, elementos de jucio desde el pensamiento cristiano....
Salvato in:
| Autore principale: | |
|---|---|
| Natura: | Libro |
| Lingua: | spagnolo |
| Pubblicazione: |
Madrid, España :
Ediciones Paulinas ,
1966, c1966
|
| Serie: | (Ideas Claras ;
10) |
| Soggetti: | |
| Tags: |
Nessun Tag, puoi essere il primo ad aggiungerne!!
|
MARC
| LEADER | 00000nam^a2200000^a^4500 | ||
|---|---|---|---|
| 001 | 000182350 | ||
| 005 | 20250521000000.0 | ||
| 009 | 20260310102003.96 | ||
| 037 | |a Acervo ITESO - Biblioteca | ||
| 041 | |a ESP | ||
| 082 | |a 200. |b IDE V. 10 | ||
| 100 | |a Semmelroth, Otto |e (autor) | ||
| 245 | 1 | 0 | |a ¿Por qué Iglesia? : |b concepto y derechos de la Iglesia católica / |c O. Semmelroth ; dir. de colección de A. Pereira ; tr. por Juan Blanco Catala. |
| 264 | 4 | |a Madrid, España : |b Ediciones Paulinas , |c 1966, c1966 | |
| 300 | |a 49 p. | ||
| 336 | |a texto |b txt |2 rdacontenido | ||
| 337 | |a sin mediación |b n |2 rdamedio | ||
| 338 | |a volumen |b nc |2 rdasoporte | ||
| 440 | 1 | |a (Ideas Claras ; |v 10) | |
| 500 | |a Traducción de: Warum Kirche? | ||
| 520 | |a La colección Ideas Claras de Ediciones Paulinas busca constestar, a través de autores con una fuerte actividad espiritual y al mismo tiempo especialistas en la materia en cuestión, a preguntas que inquietan a la sociedad contemporánea y ofrecer así, elementos de jucio desde el pensamiento cristiano. En este ejemplar se tocan los cambios sociales y culturales en el mundo que la cuestión de la iglesia es un tema importante para la teología contemporánea. El autor expone esta cuestión y demuestra la necesidad de que en la religiosidad colectiva exista el sello de lo eclesiástico. | ||
| 649 | |a XX | ||
| 650 | |a Libre Albedrío | ||
| 650 | |a Toma de Decisiones | ||
| 650 | |a Fe | ||
| 650 | |a Vida Privada | ||
| 650 | |a Vida Cristiana | ||
| 650 | |a Comunidad | ||
| 650 | |a Iglesia Católica | ||
| 650 | |a Dogma | ||
| 650 | |a Teología | ||
| 650 | |a Cristianismo | ||
| 650 | |a Religión | ||
| 910 | |a Fondo General | ||
| 920 | |a Impresos - Libros | ||
| 930 | |a Colección General | ||
| 905 | |a 101 | ||
| 901 | |a 0500122274 |b IT1 |c ACC |u 20250521 | ||
| 902 | |a https://opac.biblio.iteso.mx/vufind/Record/000182350 | ||